Giáo trình mỹ học đại cương.
Quá trình hình thành và phát triển khoa học mỹ học; Mỹ học với tư cách là một khoa học; Các quan hệ thẩm mỹ của con người với đời sống hiện thực; Các phạm trù thẩm mỹ cơ bản; Chủ thể thẩm mỹ và các hình thức hoạt động của nó; Bản chất, nguồn gốc, chức năng của nghệ thuật; Đặc trưng và cấu trúc của n...
Αποθηκεύτηκε σε:
| Άλλοι συγγραφείς: | , |
|---|---|
| Μορφή: | Βιβλίο |
| Γλώσσα: | Vietnamese |
| Έκδοση: |
Hà Nội :
Chính trị quốc gia,
2004.
|
| Θέματα: | |
| Ετικέτες: |
Προσθήκη ετικέτας
Δεν υπάρχουν, Καταχωρήστε ετικέτα πρώτοι!
|
| Thư viện lưu trữ: | Mạng thư viện Đại học Đà Nẵng |
|---|
| LEADER | 01790cam a2200373 a 4500 | ||
|---|---|---|---|
| 001 | 000045024 | ||
| 003 | 4135 | ||
| 005 | 20060417105010.0 | ||
| 008 | 010308b2004 vm 000 vie | ||
| 020 | |c 33000 | ||
| 040 | |a LRC |c LRC |d LRC | ||
| 041 | 0 | |a vie | |
| 082 | 1 | 4 | |a 111.85 |b Gi-T |
| 245 | 0 | 0 | |a Giáo trình mỹ học đại cương. |
| 260 | |a Hà Nội : |b Chính trị quốc gia, |c 2004. | ||
| 300 | |a 361 tr. ; |c 22 cm. | ||
| 500 | |a Dùng cho sinh viên, học viên cao học và nghiên cứu sinh chuyên ngành mỹ học. | ||
| 520 | 3 | |a Quá trình hình thành và phát triển khoa học mỹ học; Mỹ học với tư cách là một khoa học; Các quan hệ thẩm mỹ của con người với đời sống hiện thực; Các phạm trù thẩm mỹ cơ bản; Chủ thể thẩm mỹ và các hình thức hoạt động của nó; Bản chất, nguồn gốc, chức năng của nghệ thuật; Đặc trưng và cấu trúc của nghệ thuật; Vai trò của nghệ thuật trong đời sống xã hội; Giáo dục thẩm mỹ vì sự phát triển con người toàn diện - hài hoà. | |
| 630 | 0 | 4 | |a Mỹ học. |
| 650 | 0 | 4 | |a Mỹ học |x Giáo trình. |
| 700 | 1 | |a Nguyễn Văn Huyên, |c PGS.TS., |e chủ biên. | |
| 700 | 1 | |a Đỗ Huy, |c GS.TS. | |
| OWN | |a DUT | ||
| AVA | |a UDN50 |b DUT |c Book |d 111.85 Gi-T |e available |t Error 5001 Not defined in file expand_doc_bib_avail. |f 3 |g 0 |h N |i 0 |j SH |k 1 | ||
| 999 | |a From the UDN01 | ||
| AVA | |a UDN50 |b DUT |c Book |d 111.85 Gi-T |e available |t Error 5001 Not defined in file expand_doc_bib_avail. |f 3 |g 0 |h N |i 0 |j SH |k 1 | ||
| TYP | |a Monograph | ||
| TYP | |a Printed language | ||
| 980 | |a Mạng thư viện Đại học Đà Nẵng | ||